Tennis players who beat Nadal on clay court - Statistics

General Stats
  • This quiz has been taken 1,134 times
  • The average score is 9 of 19
Answer Stats
Hint Answer % Correct
2 Federer
99%
8 Djokovic
97%
2 Murray
83%
1 Wawrinka
66%
1 Alcaraz
65%
1 Zverev
64%
1 Ferrer
60%
4 Thiem
60%
1 Soderling
56%
1 Tsitsipas
47%
3 Fognini
35%
1 Ferrero
32%
1 Rublev
30%
1 Verdasco
24%
1 Schwartzman
19%
1 Almagro
15%
1 Shapovalov
14%
1 Zeballos
7%
1 Cuevas
5%
No matching quizzes found
Score Distribution
Percent of People with Each Score
Percentile by Number Answered
Your Score History
You have not taken this quiz